000 00316nam a22001337a 4500
008 170127b xxu||||| |||| 00| 0 eng d
020 _a9780929661636
041 _aeng
080 _a61
100 _a3
101 _aSHM
245 _aTHE JOHNS HOPKINS CONSUMER GUIDE TO MEDICAL TESTS
_cMARGOLIS, S
942 _2udc
_cBK
999 _c3881
_d3881